000 00237nam a2200097Ia 4500
008 231212s1988 xx 000 0 und d
041 _aeng
100 _aKennedy
245 _aElectronic Communication
260 _aDelhi
_bD.B. Tarapur
_c1988
999 _c960587
_d960587